[Event "Second Match"]
[Site "?"]
[Date "1976.03.11"]
[Round "3"]
[White "Gray, M."]
[Black "Bailey, B."]
[Result "1-0"]
[WhiteElo "1840"]
[BlackElo "2029"]
[Annotator "Stockfish 12 (15s)"]
[PlyCount "53"]
[EventDate "1976.??.??"]

{D02: 1 d4 d5 2 Nf3 sidelines, including 2...Nf6 3 g3 and 2...Nf6 3 Bf4} 1. Nf3
c5 2. g3 d5 3. Bg2 Nf6 4. O-O Nc6 5. d4 cxd4 6. Nxd4 e5 7. Nxc6 bxc6 8. c4 Bb7
9. cxd5 cxd5 10. Qa4+ (10. Nc3 Qd7 11. Qb3 Bc6 12. Bg5 d4 13. Bxf6 Bxg2 14.
Kxg2 gxf6 15. Nd5 Bg7 16. Rac1 O-O 17. Rc7 Qd6 18. Rfc1 Rab8 19. Qf3 Rxb2 20.
Ne7+ Kh8 21. Nf5 Qd8 22. Qg4 Rg8 23. Rc8 Qd5+ 24. Kg1 Bf8 {
Tolstikh,N (2491)-Lanin,A (2221) St Petersburg 2002 1-0}) 10... Qd7 11. Qxd7+
Kxd7 12. Nc3 Rb8 $146 (12... Rd8 13. Rd1 Kc7 14. Bg5 d4 15. Na4 Bxg2 16. Kxg2
Be7 17. Rac1+ Kb8 18. Nc5 h6 19. Bd2 Rhe8 20. f3 Nd5 21. Kf2 f6 22. Ne6 Rg8 23.
Nxd8 Bxd8 24. Rc5 Ne3 25. Bxe3 dxe3+ 26. Kxe3 Bb6 27. b4 {
Savova,S (2163)-Doncheva,M (2065) Sofia 2004 1-0 (53)}) (12... Bd6 13. Rd1 Ke6
14. Nb5 $14) 13. Rd1 d4 14. e3 (14. Bxb7 Rxb7 15. e3 Bb4 16. exd4 e4 $16) 14...
Bxg2 $16 15. Kxg2 Rb4 $4 (15... d3 $142 16. Rxd3+ Ke6 $16) 16. exd4 $18 Rxd4 (
16... e4 17. Re1 $18) 17. Be3 Rxd1 18. Rxd1+ (18. Nxd1 $6 a6 $11) 18... Ke6 19.
Bxa7 (19. Rd8 $142 Rg8 20. Bxa7 Bb4 21. Rxg8 Nxg8 $18) 19... Bb4 20. Nb5 Nd5 (
20... Rc8 21. a3 Bf8 22. Re1 $18) 21. a3 Be7 22. Rc1 f5 23. Nc7+ (23. a4 $142
g5 24. a5 $18) 23... Nxc7 24. Rxc7 Rd8 (24... g5 25. a4 Ra8 26. Rb7 $18) 25.
Be3 (25. Rc6+ $142 Kd5 26. Rc7 $18) 25... g5 (25... Rb8 26. Rc6+ Kd5 $18) 26.
Rxe7+ $1 Kxe7 (26... Kd6 $18) 27. Bxg5+ (27. Bxg5+ Kd6 28. Bxd8 $18) 1-0

[Event "Second Match"]
[Site "?"]
[Date "1976.03.14"]
[Round "4"]
[White "Bailey, B."]
[Black "Gray, M."]
[Result "1/2-1/2"]
[WhiteElo "2029"]
[BlackElo "1840"]
[Annotator "Stockfish 12 (15s)"]
[PlyCount "78"]
[EventDate "1976.??.??"]

{B36: Sicilian: Maroczy Bind: Gurgenidze System} 1. d4 Nf6 2. c4 c5 3. Nc3 cxd4
4. Qxd4 Nc6 5. Qd1 g6 6. e4 d6 7. Be2 (7. h3 Bg7 8. Nf3 O-O 9. Bd3 Bd7 10. O-O
Rc8 11. Re1 Be6 12. e5 dxe5 13. Nxe5 Nxe5 14. Rxe5 Re8 15. c5 Nd7 16. Re1 Nxc5
17. Bb5 Qxd1 18. Rxd1 Red8 19. Rxd8+ Rxd8 20. Be3 b6 21. Rc1 Nd3 {
Bole,O (1410)-Eid,A (1670) Aix les Bains 2006 0-1 (37)}) 7... Bg7 8. Nf3 O-O 9.
O-O a6 $146 (9... Be6 10. h3 Rc8 11. Qa4 Qa5 12. Qd1 Rfe8 13. Bd2 Qd8 14. Rc1
Nd7 15. Be3 Nc5 16. Nd4 Bd7 17. Qd2 a6 18. Rfd1 Ne6 19. Nxc6 Bxc6 20. f3 Qa5
21. b3 Qa3 22. Rc2 a5 23. Nd5 a4 24. Nb6 {
Ojala,H-Toikkanen,V Finland 1999 1-0 (38)}) (9... Nd7 10. Be3 Bxc3 11. bxc3 Qa5
12. Qc2 Nc5 13. Rac1 Bg4 14. Nd4 Bxe2 15. Qxe2 Rfc8 16. Nb3 Qc7 17. Nxc5 dxc5
18. f4 b6 19. f5 Qe5 20. Bf4 Qg7 21. Rf3 Ne5 22. Bxe5 Qxe5 23. Rcf1 f6 24. fxg6
{Deutsch,L (2220)-Horvath,G (2405) Zalakaros 1992 0-1 (48)}) (9... b6 10. b3
Nxe4 11. Bb2 Bxc3 12. Bxc3 Nxc3 13. Qc2 Nxe2+ 14. Qxe2 Bg4 15. Qe4 Bxf3 16.
Qxf3 Nd4 17. Qd3 Nf5 18. Rfe1 Rc8 19. Rac1 Rc5 20. Rc3 d5 21. Qc2 dxc4 22. bxc4
e6 23. Qc1 Qf6 24. Rh3 {Cao Quynh Lien-Tran T Kim,U Dong Thap 2000 0-1 (39)}) (
9... h6 10. Be3 Ng4 11. Qd2 Nxe3 12. Qxe3 Be6 13. Rad1 Qa5 14. Ra1 Qb4 15. Nd5
Qxb2 16. Rab1 Qxa2 17. Rxb7 Rfb8 18. Rc7 Rb3 19. Qf4 Qxe2 20. Rxc6 Bxd5 21.
exd5 Rab8 22. h3 Rb1 23. Rxb1 Rxb1+ 24. Kh2 {
Gerlichova,M-Deues,E Cattolica 1992 0-1 (43)}) 10. Rb1 Qc7 (10... Bg4 11. Be3
$11) 11. Nd5 (11. h3 Nd7 $14) 11... Nxd5 (11... Qd8 12. Nxf6+ exf6 13. Be3 $11)
12. cxd5 $14 Ne5 13. Nxe5 Bxe5 14. Be3 (14. Bh6 Re8 $11) 14... Bd7 $11 15. Qb3
(15. Qd2 Rfc8 $11) 15... b5 $15 16. Bg5 Bd4 (16... Rfe8 $5 $15) 17. Qd3 $14 Qc5
$2 (17... Bf6 $142 18. Rbc1 Qa5 19. Bxf6 exf6 $14) 18. Bxe7 $18 Rfc8 $4 (18...
Rfe8 $142 19. Bxd6 $1 Bxf2+ 20. Rxf2 Qxd6 $18) 19. Bxd6 $1 Bxf2+ (19... Qxd6
20. Qxd4 {Overloading Deflection}) 20. Rxf2 Qxd6 21. Qd4 Re8 (21... Qc5 22.
Qxc5 Rxc5 23. Bd3 $18) 22. Rbf1 (22. Rf6 $142 Qe5 23. Qxe5 Rxe5 $18) 22... f5
23. exf5 (23. Bd3 $142 $5 Re5 24. Bc2 Rf8 $18) 23... Bxf5 24. g4 $4 (24. Bf3
$142 Rad8 25. h3 $18) 24... Re4 $14 25. Qd1 Bd7 26. Bf3 Rf4 27. h3 (27. Be2
Raf8 28. Rxf4 Rxf4 29. Rxf4 Qxf4 30. Bf3 $11) 27... Raf8 $11 28. Qd2 b4 (28...
h5 29. b4 $11 (29. gxh5 $4 Bxh3 30. Bg2 Bxg2 31. Rxf4 Bxf1 32. Rxf8+ Qxf8 $19 (
32... Kxf8 $6 33. Qh6+ Ke7 34. Qg7+ Ke8 35. Qg8+ Ke7 36. Qg7+ Ke8 37. Kxf1 Qf4+
38. Kg2 Qe4+ 39. Kg3 Qd3+ 40. Kh2 Qe2+ 41. Kg3 Qe3+ 42. Kh2 Qf2+ 43. Kh1 Qf1+
44. Kh2 Qf2+ 45. Kh1 Qh4+ 46. Kg1 Qg4+ 47. Kf1 Qf4+ 48. Ke1 Qe3+ 49. Kd1 Qd3+
50. Ke1 Qg3+ 51. Kd1 Qd3+ 52. Ke1 Qe4+ 53. Kf2 Qc2+ 54. Ke1 Qc1+ 55. Kf2 Qf4+
56. Ke1 Qe3+ 57. Kd1 Qf3+ 58. Ke1 Qh1+ 59. Kf2 Qh2+ 60. Ke1 Qg1+ 61. Kd2 Qf2+
62. Kd3 Qf1+ 63. Kd2 Qf2+ 64. Kd3 Qf1+ 65. Kd4 Qf2+ 66. Kd3 $11))) 29. Bd1 (29.
Be4 $1 Rxf2 30. Rxf2 Qg3+ 31. Bg2 Rxf2 32. Qxf2 $11) 29... Rxf2 30. Rxf2 Qg3+
31. Rg2 Qd6 32. Qd4 Bb5 33. Be2 Bxe2 34. Rxe2 Qg3+ 35. Rg2 Qe1+ 36. Kh2 Rf1 37.
Rg1 Qe2+ 38. Rg2 Qe1 39. Rg1 Qe2+ 1/2-1/2

[Event "Second Match"]
[Site "?"]
[Date "1976.03.19"]
[Round "5"]
[White "Gray, M."]
[Black "Bailey, B."]
[Result "1/2-1/2"]
[WhiteElo "1840"]
[BlackElo "2029"]
[Annotator "Stockfish 12 (15s)"]
[PlyCount "140"]
[EventDate "1976.??.??"]

{B07: Pirc Defence: Miscellaneous Systems} 1. Nf3 Nf6 2. d3 g6 3. e4 d6 4. Nc3
Bg7 5. h3 c5 (5... O-O 6. Be2 e5 7. Bg5 Nc6 8. O-O h6 9. Be3 Be6 10. Qd2 Kh7
11. Rad1 {1/2-1/2 (11) Karaklajic,M (2142)-Ikic,A (2053) Golubac 2003}) (5...
Nbd7 6. Be3 O-O 7. Qd2 e5 8. Bh6 Ne8 9. Bxg7 Nxg7 10. h4 f5 11. exf5 Nxf5 12.
h5 Nf6 13. hxg6 hxg6 14. Qg5 Kg7 15. g4 Ne7 16. Qh6+ Kf7 17. Ng5+ Ke8 18. O-O-O
Bxg4 19. Be2 Qd7 20. Bxg4 {Winkler,G-Stiller,J playchess.com INT 2004 0-1 (33)}
) 6. Be3 Nc6 $146 (6... O-O 7. Qd2 Nc6 8. a3 b6 9. Bh6 Bb7 10. Bxg7 Kxg7 11.
O-O-O Qc7 12. Be2 Rad8 13. Rdg1 d5 14. exd5 Nxd5 15. Nxd5 Rxd5 16. g4 Rfd8 17.
h4 h6 18. h5 g5 19. c4 Nd4 20. Nxd4 Rxd4 21. Rh3 {
Schoening,L (1151)-Eusemann,P (1261) Verden 2001 0-1 (49)}) 7. Be2 Bd7 (7...
O-O 8. Qd2 $15) 8. Qd2 O-O 9. d4 $2 (9. O-O e5 $11) 9... cxd4 (9... b5 $142 10.
Bxb5 Nxd4 11. Nxd4 cxd4 12. Bxd4 Bxb5 13. Nxb5 Nxe4 $17) 10. Nxd4 $11 a6 11.
O-O b5 12. Bf3 Ne5 13. a3 (13. Be2 b4 14. Nd5 Nxe4 15. Qxb4 a5 $15) 13... Rc8 (
13... Nc4 $142 $5 14. Qc1 Rc8 $17) 14. Be2 $11 Nc4 15. Bxc4 Rxc4 16. f3 Qc7 17.
Nde2 Rc8 18. Bd4 (18. Rfd1 $5 $11) 18... e6 (18... a5 19. Qe3 Qb7 20. Bxf6 Bxf6
$17) 19. Rad1 $2 (19. Qe3 $17) 19... Ne8 $4 (19... a5 $142 20. Rfe1 b4 21. axb4
axb4 $19) 20. Bxg7 $11 Kxg7 21. Qe3 (21. f4 Qc5+ 22. Rf2 a5 $11) 21... a5 $15 {
Black prepares the advance b4} 22. Nd4 $4 (22. Nc1 $142 $15) 22... b4 $19 23.
axb4 axb4 24. Ncb5 (24. Na2 Ra8 25. Nc1 e5 $19) 24... Bxb5 (24... Qb8 $142 25.
Nxd6 Nxd6 26. Qf4 $19) 25. Nxb5 Qb8 26. Nd4 e5 27. Nf5+ (27. Nb3 Rxc2 28. Rf2
$19) 27... gxf5 28. Qg5+ Kh8 29. exf5 (29. Qe7 Kg8 30. Qg5+ Kh8 $19) 29... f6
30. Qh6 Qa7+ 31. Kh2 (31. Kh1 Qg7 32. Qxg7+ Kxg7 $19) 31... Qg7 32. Qe3 (32.
Qxg7+ Nxg7 33. g4 Rxc2+ 34. Kg3 Ne8 $19) 32... Rxc2 33. Rd2 (33. Rf2 b3 $1 $19)
33... Rxd2 34. Qxd2 b3 35. Qb4 (35. Rc1 Rxc1 36. Qxc1 $19) 35... Rc2 36. Rg1
Qg8 37. Qa3 Ng7 38. Qxd6 Nh5 39. Kh1 h6 (39... Rxb2 $142 40. Qb4 h6 41. Qh4 $19
) 40. g4 (40. Qe7 Rxb2 41. Qb4 Ng3+ 42. Kh2 $19) 40... Nf4 (40... Qa8 $142 41.
Qd3 Qb8 $19) 41. Qxf6+ Qg7 42. Qd8+ (42. Qb6 Kh7 43. Ra1 Rc7 44. Qxb3 Nxh3 $19)
42... Kh7 43. Rd1 Rc7 44. f6 (44. Kh2 e4 $1 45. f6 Qf7 $17) 44... Qf7 45. Qd6
Nxh3 (45... Ng6 $5 46. h4 Nxh4 47. Qxe5 $19) 46. Kg2 Nf4+ 47. Kh1 (47. Kg3 Ng6
48. Rd5 $19) 47... Ng6 48. Kg2 (48. Kg1 Qc4 $19) 48... Qc4 49. Rd2 (49. Kf2 Rf7
50. Qd5 Qc7 $19) 49... e4 50. fxe4 (50. Kg3 Rf7 51. fxe4 Qc1 $19) 50... Qxe4+
51. Kh2 (51. Kf2 Rf7 52. Qd4 Qe7 $19) 51... Qf4+ (51... Rf7 $142 52. Qd4 Qf3
$19) 52. Qxf4 Nxf4 53. Kg3 Ng6 54. Rd3 Rb7 55. Re3 (55. Rd5 $19) 55... Kg8 56.
Kf2 (56. Rc3 $19) 56... Kf7 57. Rh3 Kxf6 58. Rxh6 (58. Ke3 Ne5 59. Ke4 Nxg4 60.
Rf3+ Kg6 $19) 58... Kg5 59. Rh3 (59. Rh5+ Kf4 60. Rf5+ Ke4 61. Kg3 $19) 59...
Kxg4 60. Rg3+ Kf5 61. Ke3 Rb6 (61... Rb4 $142 $19) 62. Kd4 Ne5 63. Rc3 Ke6 (
63... Rb5 64. Rg3 $19) 64. Re3 $4 (64. Rc8 Rb4+ 65. Kc3 $19) 64... Rb5 65. Rh3
Kf5 66. Kc3 (66. Rh8 Nf3+ 67. Kd3 $19) 66... Kg4 (66... Rb8 $142 $19) 67. Rh1
Nf7 68. Rg1+ Kh3 69. Ra1 Nd6 70. Ra3 Ne4+ 1/2-1/2

[Event "Second Match"]
[Site "?"]
[Date "1976.03.21"]
[Round "6"]
[White "Bailey, B."]
[Black "Gray, M."]
[Result "1-0"]
[WhiteElo "2029"]
[BlackElo "1840"]
[Annotator "Stockfish 12 (20s)"]
[PlyCount "85"]

{C77: Ruy Lopez: 3...a6 4 Ba4 Nf6, unusual lines} 1. e4 e5 2. Nf3 Nc6 3. Bb5 a6
4. Ba4 Nf6 5. Nc3 Be7 6. Bxc6 dxc6 7. Nxe5 Nxe4 8. Nxe4 Qd5 9. O-O Qxe5 10. Re1
Be6 11. d4 $146 (11. Ng3 Qd5 12. Nh5 O-O 13. Nf4 Qd4 14. Nxe6 fxe6 15. Qe2 Bc5
16. Qxe6+ Kh8 17. Qe3 Rxf2 18. Rf1 Qd5 {
0-1 (18) Moylan,L-Butler,B Australia 1994}) (11. d3 Qd5 $11) 11... Qd5 (11...
Qf5 12. Ng3 Qg6 13. f4 $17) 12. Bf4 O-O-O 13. c3 g5 $4 (13... Rhe8 $142 $15)
14. Be5 $16 f5 $4 (14... Rhg8 $142 15. Bf6 Qd7 $16) 15. Nf6 (15. Nc5 $142 Bxc5
16. Bxh8 Bd6 $18) 15... Bxf6 (15... Qb5 16. Nh5 Rhe8 17. Ng7 $18) 16. Bxf6 Rhg8
(16... Bd7 17. Bxh8 Rxh8 18. Re5 $18) 17. Bxd8 (17. Re5 Qd6 18. Bxd8 Rxd8 $18)
17... Kxd8 (17... Rxd8 18. Re5 Qd6 19. Qe2 $18) 18. Re5 Qd7 (18... Qd6 19. Qe2
Bd7 20. Re1 $18) 19. Qe2 Bf7 20. b3 (20. Re1 f4 $18) 20... Bg6 (20... f4 21.
Re1 $18) 21. Re1 Rg7 22. Qc4 Kc8 23. Qc5 Kb8 24. Qf8+ Ka7 25. a4 g4 26. a5 f4
27. Re8 $1 Bxe8 (27... Bxe8 28. Re4 {Decoy Double attack}) (27... -- $140 28.
Ra8# {Mate threat}) 28. Rxe8 (28. Qxe8 $6 b6 $11) 28... Qxe8 29. Qxe8 g3 (29...
b6 30. Qf8 Rd7 31. Qxf4 $18) 30. Qf8 Rg4 (30... Rd7 31. Qxf4 b6 32. hxg3 $18)
31. h3 gxf2+ (31... Rg5 32. b4 $18) 32. Kxf2 Rg3 33. b4 Rxc3 (33... Rg6 $18)
34. Qc5+ Rxc5 35. dxc5 Kb8 36. Kf3 Kc8 37. Kxf4 Kd7 38. Kf5 Ke7 39. g4 Kf7 40.
g5 Kg7 41. h4 Kf7 42. h5 Kg7 (42... Ke8 43. Ke6 b5 44. axb6 cxb6 45. g6 hxg6
46. h6 bxc5 47. h7 Kd8 48. h8=Q+ Kc7 49. Qa8 c4 50. Qa7+ Kc8 51. Kd6 c3 52.
Qc7#) 43. Ke6 (43. Ke6 Kg8 44. Kf6 Kf8 45. g6 hxg6 46. hxg6 b5 47. axb6 cxb6
48. g7+ Ke8 49. g8=Q+ Kd7 50. cxb6 a5 51. Qe6+ Kd8 52. Qe7+ Kc8 53. Qc7#) 1-0

[Event "Boeing Swiss"]
[Site "?"]
[Date "1976.02.06"]
[Round "1"]
[White "Erwin, D."]
[Black "Bailey, B."]
[Result "0-1"]
[WhiteElo "1591"]
[BlackElo "2029"]
[Annotator "Stockfish 13 (15s)"]
[PlyCount "144"]

{D52: Queen's Gambit Declined: Cambridge Springs Variation} 1. d4 d5 2. c4 e6
3. Nc3 Nf6 4. Bg5 Nbd7 5. e3 c6 6. Qc2 Qa5 7. cxd5 exd5 8. Bd3 Bb4 9. Nf3 O-O
10. O-O h6 11. Bh4 Re8 12. a3 Bxc3 13. bxc3 Ne4 14. c4 Ndf6 $146 (14... Nf8 15.
cxd5 cxd5 16. Rfb1 a6 17. Ne5 f6 18. Nc4 dxc4 19. Bxe4 Rxe4 20. Qxe4 Bf5 21.
Qxb7 Bxb1 22. Rxb1 Qd8 23. Bg3 c3 24. Qb3+ Kh8 25. Qxc3 Rc8 26. Qd3 Qa5 27. Bd6
Nd7 28. h3 Qd5 29. Bg3 {Herrmann,H-Wichert,O Detmold 1950 1-0 (32)}) 15. cxd5 (
15. Bxf6 $142 Nxf6 16. c5 $16) 15... Qxd5 $2 (15... cxd5 $142 $5 16. Bxf6 Nxf6
$16) 16. Ne5 $18 Be6 (16... Nd6 17. h3 Be6 18. Rfe1 $18) 17. Rab1 (17. f3 $5
Nd6 $18) 17... Nd6 18. Rfc1 (18. Rfe1 $142 $18) 18... Ng4 $4 (18... Rac8 19.
Bxf6 gxf6 20. e4 $16) 19. Nc4 (19. e4 $142 Qa2 20. Qxa2 Bxa2 21. Rb2 $18 (21.
Nxg4 $6 Bxb1 22. Rxb1 Nxe4 $18)) 19... Nxc4 (19... Bf5 20. Nxd6 Bxd3 21. Qxd3
Qxd6 22. Bg3 $16) 20. Bxc4 (20. Qxc4 $4 Qh5 21. Qc2 Qxh4 $19) 20... Qd7 (20...
Qh5 $5 21. Bxe6 Rxe6 $16) 21. Bxe6 Rxe6 22. Qb3 (22. Qf5 $142 Rd6 23. Qxd7 Rxd7
24. h3 $18) 22... b6 $14 23. Bg3 Rae8 24. d5 Qxd5 25. Qxd5 (25. Qa4 h5 26. Qxa7
b5 $11) 25... cxd5 $15 26. Rc7 d4 (26... R8e7 27. Rbc1 $15) 27. h3 $11 Nf6 28.
exd4 a5 29. Rb7 Rd8 30. R1xb6 Re1+ 31. Kh2 Rxd4 32. Rb1 Rxb1 33. Rxb1 Rd3 34.
Ra1 Ne4 35. Bc7 a4 36. f3 Nd6 37. Ba5 Nf5 38. Ra2 Kf8 39. Bb4+ Ke8 40. Re2+ Kd7
(40... Re3 41. Rc2 $11) 41. Rd2 (41. Re5 g6 $11) 41... Rxd2 $11 42. Bxd2 Ke6
43. Bb4 g6 44. g4 Nd4 45. Kg3 Ne2+ 46. Kh4 Kf6 47. Bf8 g5+ 48. Kh5 Nf4+ 49.
Kxh6 Nxh3 50. Bg7+ Ke6 51. Bd4 f6 52. Be3 Kf7 53. Kh7 Ke6 54. Kg6 Ke5 55. Kf7
f5 56. gxf5 Kxf5 57. Ke7 Ke5 58. Kd7 Kd5 59. Kc7 Kc4 60. Kd6 Kd3 61. Bc5 Ke2
62. Kc6 $4 (62. Ke6 $142 $11) 62... Kxf3 $19 63. Kb5 g4 64. Bd6 Nf4 65. Bc5 g3
66. Kxa4 g2 67. Kb5 Nh3 68. a4 Nf2 69. a5 g1=Q 70. a6 Qb1+ 71. Ka5 Ne4 72. a7
Qb7 (72... Nxc5 $6 73. a8=Q+ Ke3 74. Qd5 $11) 0-1

[Event "Boeing Swiss"]
[Site "?"]
[Date "1976.02.17"]
[Round "2"]
[White "Bailey, B."]
[Black "LeCompte, G."]
[Result "1-0"]
[WhiteElo "2029"]
[BlackElo "1993"]
[Annotator "Stockfish 13 (15s)"]
[PlyCount "41"]

{C50: Hungarian Defence and Giuoco Pianissimo} 1. e4 e5 2. Nf3 d6 3. Bc4 Be7 4.
O-O Nc6 5. h3 Be6 (5... g5 6. d4 g4 7. Nh2 h5 8. d5 Nb8 9. hxg4 hxg4 10. Nxg4
Nf6 11. Nxf6+ Bxf6 12. Nc3 Bg7 13. f4 exf4 14. Bxf4 Nd7 15. Kf2 Ne5 16. Be2
Qh4+ 17. Bg3 Qg5 18. Qc1 Qg6 19. Bf3 Nxf3 20. gxf3 {
Belamaric,G (2160)-Mestrovic,Z (2430) Ljubljana 1997 0-1}) 6. Qe2 $146 (6. Bb3
a6 7. c3 Qd7 8. d4 Bxb3 9. Qxb3 exd4 10. cxd4 Rb8 11. Nc3 h6 12. e5 g5 13. Re1
dxe5 14. dxe5 Nd4 15. Nxd4 Qxd4 16. Be3 Qb4 17. Qc2 c6 18. Ne4 Kf8 19. Rad1 Kg7
20. Nd6 Bxd6 {Riabov,N-Shidlovski,Y (2052) Kimry 2003 1-0 (33)}) (6. Bxe6 fxe6
7. d3 Bf6 (7... Nf6 8. Be3 O-O 9. Nc3 d5 10. exd5 exd5 11. Bg5 d4 12. Bxf6 Bxf6
13. Ne4 Qd5 14. Nh2 Kh8 15. f4 exf4 16. Rxf4 Be5 17. Rxf8+ Rxf8 18. Ng4 Ne7 19.
Nxe5 Qxe5 {1/2-1/2 (19) Duong Thuong Cong-Duong Hoang Thi Vietnam 2002}) 8. Nc3
Nge7 9. Ne2 d5 10. Ng3 d4 11. Bg5 Ng6 12. Bxf6 gxf6 13. Nd2 Qd7 14. Nh5 Rf8 15.
a3 O-O-O 16. Nb3 Qd6 17. Nd2 Kb8 18. b4 a6 19. Nb3 f5 20. Nc5 Ka7 {
Wahl,H (1436)-Dittler,V (1623) Obertsdorf 2002 0-1 (53)}) 6... Qd7 7. c3 (7.
Bxe6 Qxe6 8. Nc3 Nf6 $11) 7... O-O-O (7... Bxc4 $5 8. Qxc4 f5 9. exf5 d5 $15)
8. d4 (8. Bxe6 Qxe6 9. b4 f5 $14) 8... exd4 (8... Bxc4 9. Qxc4 exd4 10. cxd4
$11 (10. Qxf7 $143 Rf8 11. Qh5 Nf6 $17)) 9. cxd4 (9. Bb5 a6 10. Bxc6 Qxc6 11.
Nxd4 $16 (11. cxd4 $2 Bc4 12. Qc2 Bxf1 13. Qxc6 bxc6 14. Kxf1 h6 $19)) 9...
Bxc4 $11 10. Qxc4 f5 (10... d5 11. exd5 Qxd5 12. Qxd5 Rxd5 13. Nc3 $11) 11.
exf5 (11. d5 $142 Ne5 12. Nxe5 dxe5 13. Be3 $16) 11... Qxf5 $4 (11... d5 $142
12. Qd3 Rf8 $11) 12. d5 $18 Ne5 13. Nxe5 dxe5 14. Nc3 Qd7 $2 (14... Nf6 15. Be3
Bd6 $18) 15. Be3 a6 (15... Kb8 16. Rfc1 a6 $18) 16. a4 (16. b4 $142 Kb8 17. b5
$18) 16... Nf6 17. Rfd1 (17. Rfc1 $5 Kb8 18. b4 Rc8 $16) 17... Qd6 $16 18. Rac1
(18. Qd3 $5 Qb4 19. Qc2 $16) 18... Qb4 $14 19. Qd3 Kb8 20. Qc2 Bc5 $4 (20...
Rd7 $142 $11) 21. Na2 $18 (21. Na2 Qd4 22. Bxd4 Bxd4 23. Qxc7+ Ka8 24. Qxg7
Nxd5 25. Kh1 $18) 1-0

[Event "Boeing Swiss"]
[Site "?"]
[Date "1976.03.12"]
[Round "3"]
[White "Rouner, W."]
[Black "Bailey, B."]
[Result "0-1"]
[WhiteElo "1774"]
[BlackElo "2029"]
[Annotator "Stockfish 13 (15s)"]
[PlyCount "26"]

{C34: King's Gambit Accepted: 3 Nf3: 3...Nf6 and 3...d6} 1. e4 e5 2. f4 exf4 3.
Nf3 d6 4. Bc4 Be6 5. Qe2 Bxc4 (5... Nd7 6. d4 Bxc4 7. Qxc4 Be7 8. Bxf4 c6 9.
Nc3 Nb6 10. Qe2 Nf6 11. O-O O-O 12. a4 a5 13. Rad1 Re8 14. h3 h6 15. Qd3 Rc8
16. b3 Bf8 17. Bg3 Kh8 18. Bh4 Be7 19. Rde1 Nh5 20. Bf2 {
Hort,V (2540)-Hotz,P Biel 1991 1-0}) (5... Be7 6. O-O Nc6 7. d4 Bg4 8. c3 g5 9.
Na3 Qd7 10. Bb5 a6 11. Ba4 b5 12. Nxb5 axb5 13. Bxb5 d5 14. exd5 Qxd5 15. c4
Qd6 16. Qe5 Kd7 17. d5 Qc5+ 18. Nd4 f6 19. Bxc6+ Kd8 20. Qe4 {
Klaversteijn Sozzo,J (1931)-Martinez Cabrera,D Ourense 2006 1-0}) 6. Qxc4 Nc6
7. d4 g5 8. Nc3 $2 $146 (8. h3 Bg7 9. c3 Qe7 10. Nbd2 O-O-O 11. d5 Ne5 12. Qe2
Nh6 13. Nxe5 Bxe5 14. Nf3 Rde8 15. Bd2 Bf6 16. O-O Qxe4 17. Qb5 a6 18. Qb3 Nf5
19. Rae1 Qd3 20. Rd1 Qb5 21. Qc2 Qxd5 22. Bxf4 Qc5+ {
Vignoli,E-Cittadini,D (1922) Lugano 2004 0-1 (39)}) (8. g3 $142 $5 Qe7 9. O-O
$17) 8... g4 $19 9. Ng1 Qh4+ 10. g3 $4 (10. Kd1 $142 Qf2 11. Nge2 $19) 10...
fxg3 11. Kf1 (11. hxg3 Qxh1 12. Be3 $19) 11... Qf6+ 12. Ke1 Qf2+ 13. Kd1 g2 (
13... g2 14. Qe2 Qxd4+ 15. Ke1 gxh1=Q $19) 0-1

[Event "Boeing Swiss"]
[Site "?"]
[Date "1976.03.13"]
[Round "4"]
[White "Bailey, B."]
[Black "Holland, R."]
[Result "1-0"]
[WhiteElo "2029"]
[BlackElo "1775"]
[Annotator "Stockfish 13 (15s)"]
[PlyCount "75"]

{B76: Sicilian Dragon: Yugoslav Attack, 9 g4 and 9 0-0-0} 1. e4 c5 2. Nf3 Nc6
3. d4 cxd4 4. Nxd4 Nf6 5. Nc3 d6 6. Be2 g6 7. Be3 Bg7 8. Qd2 O-O 9. O-O-O a6
10. f3 Qa5 (10... d5 11. Nxc6 bxc6 12. e5 Nd7 13. f4 e6 14. Na4 f6 15. Nc5 Qe7
16. Nxd7 Bxd7 17. Qc3 fxe5 18. Bc5 Qf6 19. Bxf8 Qxf4+ 20. Kb1 Qxf8 21. Rdf1 Qd6
22. Qg3 Rb8 23. b3 Qa3 24. h4 Rb7 25. Qg5 {
Ardiansyah,H (2340)-Browne,W (2530) Siegen 1970 0-1 (60)}) 11. g4 Nxd4 $146 (
11... Bd7 12. h4 b5 13. Nb3 Qc7 14. h5 Na5 15. hxg6 Nxb3+ 16. axb3 fxg6 17. g5
Nh5 18. Nd5 Qd8 19. Bb6 Qe8 20. Nc7 Qf7 21. Nxa8 Rxa8 22. Be3 Rc8 23. Kb1 Ng3
24. Rh4 Nh5 25. f4 Ng3 26. Bf3 {
Reiske,A (1631)-Wolfram,J (1406) Germany 2003 1-0 (33)}) 12. Bxd4 (12. Qxd4 $2
Nxg4 13. Qb6 Qxb6 14. Bxb6 Nf6 $19) 12... b5 $2 (12... Be6 13. f4 Rfc8 14. g5
$11) 13. Kb1 (13. g5 $142 Ne8 14. h4 $16) 13... Rd8 $2 (13... b4 14. Nd5 Nxd5
15. Bxg7 Nc3+ 16. bxc3 $14 (16. Bxc3 $143 Be6 17. b3 bxc3 $15)) 14. h4 $4 (14.
Qe3 $142 Rb8 15. g5 $18) 14... Be6 $14 15. a3 Rab8 16. h5 b4 17. Na2 Bxa2+ 18.
Kxa2 Qa4 $4 (18... Rdc8 $142 $5 19. h6 Bh8 $16) 19. hxg6 $4 (19. Bc4 $142 bxa3
20. b3 $18) 19... b3+ $16 20. Ka1 (20. Kb1 $142 bxc2+ 21. Qxc2 Qxc2+ 22. Kxc2
hxg6 23. Bxa6 $16) 20... hxg6 $4 (20... bxc2 21. gxh7+ Kh8 22. Rc1 $11) 21. g5
$4 (21. c3 $142 $18) 21... bxc2 $14 22. gxf6 exf6 $4 (22... Rb3 $142 23. Qxc2
Rxa3+ 24. bxa3 Qxc2 25. fxg7 f6 $14) 23. Rc1 $18 Rdc8 24. Bc3 (24. f4 $142 d5
25. Rh3 dxe4 26. Bc3 $18) 24... Rb3 (24... Rxc3 $142 25. Qxc3 f5 26. Rxc2 Bxc3
27. Rxc3 fxe4 $19) 25. Rxc2 $18 Rxa3+ (25... a5 26. Rhc1 $18) 26. bxa3 Qxa3+ (
26... Qc6 27. Ka2 $18) 27. Kb1 Qb3+ 28. Kc1 (28. Bb2 Rxc2 29. Qxc2 Qxc2+ 30.
Kxc2 $18) 28... Qa3+ (28... a5 $18) 29. Bb2 Rxc2+ 30. Qxc2 Qe3+ (30... Qc5 31.
Qxc5 dxc5 32. Bxa6 $18) 31. Kb1 Qb6 32. Qc8+ Bf8 33. Rh8+ $1 Kxh8 34. Qxf8+ Kh7
35. Qxf7+ Kh6 36. Qxf6 Qg1+ 37. Bc1+ Kh5 (37... Qxc1+ 38. Kxc1 a5 39. Bd3 Kh7
40. e5 Kg8 41. Bxg6 a4 42. Qf7+ Kh8 43. Qf8#) 38. Qh8# 1-0